Content and use of colonial archives
| Titel: | Content and use of colonial archives : an underresearched issue |
|---|---|
| Verfasser: | |
| In: |
Archival science, Band 16, Heft 2 (2016), Seite 111-123 alle Artikel anzeigen |
| Veröffentlicht: | 2016 |
| Format: | Aufsatz |
X
alg: 44206869 001A $03036:30-01-19 001B $01999:30-01-19 $t23:09:34.000 001D $03036:30-01-19 001U $0utf8 001X $00 002@ $0Aox 003@ $0442068697 007A $0442068697 $aHEB 007T $0ArchMa25458 011@ $a2016 021A $aContent and use of colonial archives $dan underresearched issue 028A $aNdeshi Namhila $dEllen 031A $d16 $e2 $h111-123 $j2016 039B $aIn $8--Abvc--. Archival science. - Dordrecht : Springer, 2001-. - ISSN 1389-0166 $x201600000160002889 $9083703608 045T $a24,1 $a8 lok: 44206869 105 exp: 44206869 105 1 #EPN 201B/01 $030-01-19 $t16:16:57.000 201C/01 $030-01-19 201U/01 $0utf8 203@/01 $01042459045 208@/01 $a13-12-18 $be 209A/01 $a/ $f106 $x00 244Z/01 $aNamibia $x01 245Z/01 $a5.01.02. $bArchivwesen außerhalb Europas / Archivwesen weltweit / Einzelne Länder $x01 247C/01 $8->Marburg, Bibliographie zum Archivwesen der Archivschule Marburg $939588196X
| LEADER | 00000caa a22000002c 4500 | ||
|---|---|---|---|
| 001 | 442068697 | ||
| 003 | DE-603 | ||
| 005 | 20190130230934.0 | ||
| 007 | tu | ||
| 008 | 190130s2016 xx |||| | u00||u|und c | ||
| 035 | |a (DE-599)HEB442068697 | ||
| 040 | |a DE-603 |b ger |c DE-603 |d DE-603 | ||
| 084 | |a 24,1 |a 8 |2 ssgn | ||
| 100 | 1 | |a Ndeshi Namhila, Ellen | |
| 245 | 0 | 0 | |a Content and use of colonial archives |b an underresearched issue |
| 264 | 0 | |c 2016 | |
| 773 | 0 | 8 | |i In |t Archival science |d Dordrecht : Springer, 2001- |x 1389-0166 |g Band 16, Heft 2 (2016), Seite 111-123 |w (DE-603)083703608 |w (DE-600)1492892-9 |
| 924 | 0 | |9 - |a (DE-603)1042459045 |b DE- |c HES |d d |g / | |